Two by Four II Quiz Stats

 Plays Quiz Updated Aug 16, 2017

Also try: Two by Four
Challenge
Share
Tweet
Embed
Score 0/30 Timer 05:00
6 Plays Today
Hint Answer % Correct
Octagonal red traffic postStop sign
94.1%
Calendar period with February 29thLeap year
91.2%
Time of day with increased trafficRush hour
90.9%
Alternate name for table tennisPing pong
89.8%
Film franchise in a galaxy far, far awayStar Wars
87.8%
Scottish lake known for its mythical monsterLoch Ness
85%
Style of dining at Burger King or KFCFast food
83.4%
Actor in 'Fight Club' and 'Troy'Brad Pitt
82.6%
Legume named after the capital of PeruLima bean
77.8%
3-digit prefix in a North American phone numberArea code
76.2%
Souvenir store at a museum or hotelGift shop
73.2%
Friendly two-person hand gestureHigh five
71.8%
Lunar rarity or brewing companyBlue Moon
71.7%
Eastern Standard or Greenwich Mean, e.g.Time zone
68.8%
Military training program for new recruitsBoot camp
68.5%
Hint Answer % Correct
Aggressive music genre or restaurant Cafe chainHard rock
67.5%
Actor who portrayed Hawkeye Pierce in M*A*S*HAlan Alda
67%
Lowest instrument in the percussion sectionBass drum
63.2%
Profitable agricultural item, e.g. cotton or tobaccoCash crop
62.6%
Ancient trade route through Afro-EurasiaSilk Road
58.4%
Genetic therapy tool, often derived from embryosStem cell
54.9%
Cut of pig perpendicular to the spinePork chop
52.6%
Apple's smallest touchscreen device everiPod Nano
46.1%
American 'Burgers and Fries' chain with free peanutsFive Guys
44%
Disputed territory between Israel and PalestineWest Bank
41.9%
California city adjacent to Stanford UniversityPalo Alto
40.8%
Ringo's predecessor in The BeatlesPete Best
40.4%
Chile's southernmost point and sailing landmarkCape Horn
35.5%
WWE superstar who 'can't be seen'John Cena
32.9%
7 vis-à-vis 343Cube root
32.6%

You're not logged in!

Compare scores with friends on all Sporcle quizzes.
OR
Log In

You Might Also Like...

Show Comments

Extras

Top Quizzes Today


Score Distribution

Your Account Isn't Verified!

In order to create a playlist on Sporcle, you need to verify the email address you used during registration. Go to your Sporcle Settings to finish the process.

Report this User

Report this user for behavior that violates our Community Guidelines.

Details: